隋唐年号 - Statistics

General Stats
  • This quiz has been taken 360 times
  • The average score is 16 of 79
Answer Stats
Hint Answer % Correct
627-650 贞观
91%
713-742 开元
88%
742-756 天宝
81%
605-618 大业
73%
581-601 开皇
70%
618-627 武德
66%
650-656 永徽
43%
705-707 神龙
43%
806-821 元和
43%
696-697 万岁通天
37%
712-713 先天
37%
847-860 大中
35%
696 万岁登封
34%
601-605 仁寿
33%
766-780 大历
31%
785-805 贞元
28%
841-847 会昌
28%
695-696 天册万岁
23%
701 大足
23%
685-689 垂拱
22%
805-806 永贞
21%
664-666 麟德
20%
710 唐隆
20%
668-670 总章
19%
707-710 景龙
19%
674-676 上元
18%
684-685 光宅
18%
700-701 久视
18%
760-761 上元
18%
904 天祐
18%
904-906 天祐
18%
656-661 显庆
17%
701-705 长安
17%
661-664 龙朔
16%
679-680 调露
16%
684 文明
16%
860-874 咸通
16%
670-674 咸亨
15%
692-694 长寿
15%
710-712 景云
15%
756-758 至德
15%
762-763 宝应
14%
821-825 长庆
14%
676-679 仪凤
13%
758-760 乾元
13%
697 神功
12%
697-700 圣历
12%
901-904 天复
12%
666-668 乾封
11%
690-692 天授
11%
763-765 广德
11%
825-827 宝历
11%
827-836 大和
11%
780-784 建中
10%
874-880 乾符
10%
684 嗣圣
9%
692 如意
9%
689 永昌
8%
712 太极
8%
765-766 永泰
8%
784-785 兴元
8%
682-683 永淳
7%
689-690 载初
7%
694-695 证圣
7%
836-841 开成
7%
881-885 中和
7%
680-681 永隆
6%
683-684 弘道
6%
712 延和
6%
885-888 光启
6%
889-890 龙纪
6%
898-901 光化
6%
694 延载
5%
880-881 广明
5%
888-889 文德
5%
890-892 大顺
5%
681-682 开耀
4%
892-894 景福
4%
894-898 乾宁
4%
No matching quizzes found
Score Distribution
Percent of People with Each Score
Percentile by Number Answered
Your Score History
You have not taken this quiz